=LDR 00000nam 2200000 4500 =001 000903 =005 20250712121553 =035 ##$$a 0010-0725000781 =007 ta =008 250712################a##########0#ind## =020 ##$$a 978-623-118-871-7 =082 ##$$a 398.209 598 =084 ##$$a 398.209 598 NUR s =100 #$$a Nurainu fahmawati =245 1#$$a Seperti apa kasih sayang itu? /$c Nurainu fahmawati =250 ##$$a Cetakan pertama =260 ##$$a Rawamangun :$b Badan pengembangan dan pembinaan bahasa,$c 2022 =300 ##$$a 36hlm. : $b Ilus. ; $c 29,7cm =650 #4$$a Cerita anak-indonesia